[Event "1er Championnat Francophone"]
[Site "Hammamet "]
[Date "2010.04.25"]
[Round "5.6"]
[White "Eden, James"]
[Black "Jarraya, Zied"]
[Result "1-0"]
[WhiteElo "2047"]
[BlackElo "2202"]
[PlyCount "45"]
[EventDate "2010.04.??"]
[EventType "tourn"]
[EventRounds "9"]
[EventCountry "TUN"]

1. e4 c5 2. c3 d5 3. exd5 Qxd5 4. d4 e6 5. Nf3 Nc6 6. Be3 cxd4 7. cxd4 Nf6 8.
Nc3 Qd6 9. a3 Be7 10. Bd3 O-O 11. O-O a6 12. Qe2 b5 13. Rad1 Bb7 14. Bb1 Rac8
15. Ng5 Na5 16. f4 Nc4 17. Bc1 g6 18. Qd3 Rfd8 19. Qh3 Bf8 20. Be4 Bd5 21. f5
h6 22. fxg6 hxg5 23. Rxf6 1-0

[Event "1er Championnat Francophone"]
[Site "Hammamet "]
[Date "2010.04.25"]
[Round "3.14"]
[White "Crepin, Charles Antoine"]
[Black "Khlif, Ahmed"]
[Result "0-1"]
[WhiteElo "1444"]
[BlackElo "2056"]
[PlyCount "44"]
[EventDate "2010.04.??"]
[EventType "tourn"]
[EventRounds "9"]
[EventCountry "TUN"]

1. d4 Nf6 2. c4 g6 3. Nc3 Bg7 4. e4 d6 5. Nf3 O-O 6. Be2 c5 7. O-O Na6 8. Bg5
h6 9. Be3 Ng4 10. Qd2 Be6 11. Rad1 Qa5 12. dxc5 Nxe3 13. Qxe3 Nxc5 14. Nd4 Qb4
15. b3 a6 16. Nd5 Bxd5 17. cxd5 Rac8 18. Bc4 Na4 19. Rc1 Nb2 20. Rfe1 Nxc4 21.
Rxc4 Rxc4 22. bxc4 Bxd4 0-1

[Event "1er Championnat Francophone"]
[Site "Hammamet "]
[Date "2010.04.25"]
[Round "5.2"]
[White "Gulbas, Cemil"]
[Black "Amdouni, Zoubaier"]
[Result "1-0"]
[WhiteElo "2364"]
[BlackElo "2257"]
[PlyCount "43"]
[EventDate "2010.04.??"]
[EventType "tourn"]
[EventRounds "9"]
[EventCountry "TUN"]

1. Nf3 d5 2. c4 e6 3. g3 Nf6 4. Bg2 c6 5. b3 Bd6 6. Bb2 Qe7 7. d4 Nbd7 8. O-O
e5 9. cxd5 Nxd5 10. e4 Nb4 11. a3 Na6 12. Nbd2 c5 13. dxe5 Nxe5 14. Nxe5 Bxe5
15. Bxe5 Qxe5 16. Nc4 Qe7 17. Nd6+ Kf8 18. e5 Nc7 19. Rc1 Qxe5 20. Re1 Qg5 21.
Nxc8 Rxc8 22. Qd6+ 1-0

[Event "1er Championnat Francophone"]
[Site "Hammamet "]
[Date "2010.04.25"]
[Round "3.5"]
[White "Maisuradze, Nino"]
[Black "Jose Queralto, Daniel"]
[Result "1/2-1/2"]
[WhiteElo "2254"]
[BlackElo "2089"]
[PlyCount "44"]
[EventDate "2010.04.??"]
[EventType "tourn"]
[EventRounds "9"]
[EventCountry "TUN"]

1. d4 d5 2. c4 dxc4 3. e4 e5 4. d5 Nf6 5. Nc3 b5 6. f4 Bb4 7. Qc2 Qe7 8. Nge2
exf4 9. Bxf4 Nxe4 10. O-O-O Nxc3 11. Nxc3 Bxc3 12. Qxc3 O-O 13. Qf3 Bb7 14. Qg3
Re8 15. Bxc7 Nd7 16. Bf4 Rac8 17. Bh6 Qe5 18. Bf4 Qf6 19. Bg5 Qe5 20. Bf4 Qf6
21. Bg5 Qe5 22. Bf4 Qf6 1/2-1/2

[Event "1er Championnat Francophone"]
[Site "Hammamet "]
[Date "2010.04.25"]
[Round "1.4"]
[White "Adrian, Claude"]
[Black "Peignien, Laurent"]
[Result "1-0"]
[WhiteElo "2303"]
[BlackElo "1528"]
[PlyCount "37"]
[EventDate "2010.04.??"]
[EventType "tourn"]
[EventRounds "9"]
[EventCountry "TUN"]

1. Nf3 Nf6 2. c4 g6 3. Nc3 Bg7 4. e4 d6 5. d4 O-O 6. Be2 e5 7. dxe5 dxe5 8.
Qxd8 Rxd8 9. Bg5 Re8 10. O-O-O Na6 11. Nxe5 Nxe4 12. Nxe4 Bxe5 13. Nf6+ Bxf6
14. Bxf6 Be6 15. b3 Nc5 16. Bf3 a5 17. Bd4 Nd7 18. Bxb7 Rab8 19. Bd5 1-0

[Event "1er Championnat Francophone"]
[Site "Hammamet "]
[Date "2010.04.25"]
[Round "1.5"]
[White "Crepin, Charles Antoine"]
[Black "Amdouni, Zoubaier"]
[Result "0-1"]
[WhiteElo "1444"]
[BlackElo "2257"]
[PlyCount "38"]
[EventDate "2010.04.??"]
[EventType "tourn"]
[EventRounds "9"]
[EventCountry "TUN"]

1. e4 e5 2. Nf3 Nc6 3. Bb5 a6 4. Bxc6 dxc6 5. d4 exd4 6. Qxd4 Qxd4 7. Nxd4 Nf6
8. Nc3 Bb4 9. f3 O-O 10. Bd2 Nd7 11. O-O Ne5 12. Bf4 Nc4 13. Rfe1 Bc5 14. Nce2
Rd8 15. c3 Nxb2 16. Bxc7 Rd7 17. Bg3 Na4 18. Rad1 Nxc3 19. Nxc3 Bxd4+ 0-1

[Event "1er Championnat Francophone"]
[Site "Hammamet "]
[Date "2010.04.25"]
[Round "1.2"]
[White "Gulbas, Cemil"]
[Black "Lupfer, Anny"]
[Result "1-0"]
[WhiteElo "2364"]
[BlackElo "1619"]
[PlyCount "37"]
[EventDate "2010.04.??"]
[EventType "tourn"]
[EventRounds "9"]
[EventCountry "TUN"]

1. e4 c6 2. Nc3 d5 3. Nf3 dxe4 4. Nxe4 Nd7 5. Bc4 Ngf6 6. Neg5 e6 7. Qe2 Nd5 8.
d4 Be7 9. Bd2 Qb6 10. O-O-O Qc7 11. Bb3 b5 12. Rde1 Nf4 13. Qe4 Ng6 14. Bxe6
Nf6 15. Bxf7+ Kf8 16. Nxh7+ Kxf7 17. Nfg5+ Kg8 18. Qxg6 Bd8 19. Re8+ 1-0

[Event "Rapide Castelsarrasin"]
[Site "Castelsarrasin"]
[Date "2010.04.18"]
[Round "5"]
[White "Bauer, Christian"]
[Black "Marciniak, Alexandre"]
[Result "1-0"]
[WhiteElo "2607"]
[BlackElo "2163"]
[PlyCount "75"]
[EventDate "2010.04.22"]
[EventType "rapid"]
[EventCountry "FRA"]

1. e4 c5 2. Nf3 Nc6 3. Bb5 g6 4. Bxc6 bxc6 5. O-O Bg7 6. Re1 Nh6 7. c3 O-O 8.
d4 cxd4 9. cxd4 d6 10. h3 f6 11. Qc2 Bd7 12. Nbd2 Nf7 13. Nc4 Qc7 14. Bd2 a5
15. Rac1 a4 16. Bb4 Rfb8 17. Ba3 Bh6 18. Ne3 Qb7 19. e5 Bg7 20. Nc4 fxe5 21.
dxe5 Bf5 22. Qe2 c5 23. Rcd1 Rd8 24. e6 Nh6 25. Ng5 Bf6 26. Qe3 Bd4 27. Rxd4
cxd4 28. Qxd4 Qa7 29. Qh4 Kg7 30. b4 Rf8 31. Bb2+ Rf6 32. Nxd6 Rh8 33. Ngf7
Nxf7 34. Nxf7 Re8 35. Qh6+ Kg8 36. Ng5 Bxe6 37. Qxh7+ Kf8 38. Nxe6+ 1-0

[Event "1er 0pen des Pays de Champagne - open A"]
[Site "Recy"]
[Date "2010.05.13"]
[Round "1.1"]
[White "Guillart, Johan"]
[Black "Mancini, Mario"]
[Result "0-1"]
[WhiteElo "1810"]
[BlackElo "2242"]
[PlyCount "88"]
[EventDate "2010.05.??"]
[EventType "swiss"]
[EventRounds "6"]
[EventCountry "FRA"]

1. e4 c5 2. Nf3 e6 3. d4 cxd4 4. Nxd4 a6 5. Bd3 Bc5 6. Nb3 Be7 7. O-O d6 8. Qg4
Bf6 9. Nc3 Nd7 10. f4 Ne7 11. Bd2 b5 12. Rae1 Bb7 13. Nd1 a5 14. e5 dxe5 15.
fxe5 Nxe5 16. Rxe5 Bxe5 17. Bxb5+ Nc6 18. Qf3 O-O 19. a4 Qc7 20. Qg4 Bxh2+ 21.
Kh1 Be5 22. Bh6 Ne7 23. Bd3 f5 24. Qg5 Bf6 25. Qf4 Qc6 26. Qg3 Ng6 27. Bd2 Qxa4
28. Nc5 Qc6 29. Nxb7 Qxb7 30. Bc4 Qd7 31. Qe3 Ne5 32. Be2 Kh8 33. Bc3 Nc6 34.
Bb5 Qd5 35. Be2 Nd4 36. Bd3 Nb5 37. Bxf6 Rxf6 38. Nf2 Nd6 39. Nh3 e5 40. Rd1 f4
41. Qe2 e4 42. Qg4 exd3 43. Nxf4 Rxf4 44. Qxf4 Qh5+ 0-1

[Event "1er 0pen des Pays de Champagne - open A"]
[Site "Recy"]
[Date "2010.05.13"]
[Round "1.2"]
[White "Defrance, Laurent"]
[Black "Petit, Christian Marie"]
[Result "1/2-1/2"]
[WhiteElo "2199"]
[BlackElo "1790"]
[PlyCount "118"]
[EventDate "2010.05.??"]
[EventType "swiss"]
[EventRounds "6"]
[EventCountry "FRA"]

1. e4 e5 2. Nf3 Nc6 3. Bc4 Be7 4. O-O Nf6 5. Nc3 O-O 6. d4 Nxe4 7. Nxe5 Nxc3 8.
Nxc6 Nxd1 9. Nxd8 Rxd8 10. Rxd1 d5 11. Bd3 Bg4 12. Re1 Bd6 13. h3 Bd7 14. Bd2
Re8 15. a3 h6 16. Bb4 Rxe1+ 17. Rxe1 Bxb4 18. axb4 Kf8 19. b5 c6 20. bxc6 Bxc6
21. Ra1 a6 22. Kf1 Ke7 23. Ke2 Rc8 24. Kd2 Ra8 25. Ra5 b5 26. Ra1 Kd6 27. Kc3
a5 28. Re1 Re8 29. Ra1 Ra8 30. Kd2 Ra7 31. h4 Bd7 32. f3 Kc6 33. Re1 Be6 34. h5
Rb7 35. g4 Kd6 36. Ra1 a4 37. Rg1 f6 38. Be2 b4 39. Ra1 Bd7 40. Bd3 Ra7 41. Ke3
Bc6 42. Kd2 Be8 43. c3 Rb7 44. Bc2 b3 45. Bd3 Bc6 46. Ke3 Re7+ 47. Kf2 Rc7 48.
f4 Bd7 49. Kf3 Be8 50. Bf5 Bb5 51. Kf2 Re7 52. Re1 Rxe1 53. Kxe1 Bc4 54. Kf2
Bb5 55. Kf3 Ke7 56. Ke3 Kd6 57. Bb1 Ke6 58. Bf5+ Kd6 59. Bb1 Ke6 1/2-1/2

[Event "1er 0pen des Pays de Champagne - open A"]
[Site "Recy"]
[Date "2010.05.13"]
[Round "1.3"]
[White "Magnier, Christophe"]
[Black "Beranger, Nicolas"]
[Result "0-1"]
[WhiteElo "1780"]
[BlackElo "2180"]
[PlyCount "56"]
[EventDate "2010.05.??"]
[EventType "swiss"]
[EventRounds "6"]
[EventCountry "FRA"]

1. e4 c6 2. d4 d5 3. Nc3 dxe4 4. Nxe4 Bf5 5. Ng3 Bg6 6. h4 h6 7. h5 Bh7 8. Bd3
Bxd3 9. Qxd3 Nf6 10. Nf3 e6 11. Bd2 Bd6 12. Ne4 Nxe4 13. Qxe4 Nd7 14. O-O-O Nf6
15. Qd3 Nd5 16. c4 Nb4 17. Qb3 a5 18. a3 a4 19. Qe3 Na6 20. c5 Be7 21. Ne5 Bf6
22. Qe4 O-O 23. Qg4 Kh8 24. Rh3 Qd5 25. Bf4 Rad8 26. Qe2 Qxg2 27. Rg3 Qd5 28.
Qe3 Nxc5 0-1

[Event "1er 0pen des Pays de Champagne - open A"]
[Site "Recy"]
[Date "2010.05.13"]
[Round "1.4"]
[White "Neuhauser, Salome"]
[Black "Fourcart, Marc"]
[Result "1-0"]
[WhiteElo "2023"]
[BlackElo "1706"]
[PlyCount "57"]
[EventDate "2010.05.??"]
[EventType "swiss"]
[EventRounds "6"]
[EventCountry "FRA"]

1. e4 d5 2. exd5 Qxd5 3. Nc3 Qa5 4. d4 e5 5. dxe5 Bb4 6. Bd2 Qxe5+ 7. Qe2 Qxe2+
8. Bxe2 Nf6 9. Nf3 O-O 10. O-O Nc6 11. a3 Ba5 12. b4 Bb6 13. Na4 Bf5 14. Nxb6
axb6 15. c4 Bc2 16. Rfc1 Ba4 17. Bf4 Rfe8 18. Re1 Re7 19. Bd3 Rxe1+ 20. Rxe1
Ne8 21. Be4 Kf8 22. Bxh7 g6 23. Bh6+ Ng7 24. b5 Nb8 25. Ne5 c6 26. Re3 cxb5 27.
Rf3 bxc4 28. Rxf7+ Ke8 29. Rxg7 1-0

[Event "1er 0pen des Pays de Champagne - open A"]
[Site "Recy"]
[Date "2010.05.13"]
[Round "1.5"]
[White "Gaubert, Virginie"]
[Black "Delmont, Jean Robert"]
[Result "1-0"]
[WhiteElo "1664"]
[BlackElo "1974"]
[PlyCount "55"]
[EventDate "2010.05.??"]
[EventType "swiss"]
[EventRounds "6"]
[EventCountry "FRA"]

1. c4 c5 2. Nf3 Nc6 3. d4 cxd4 4. Nxd4 Qb6 5. Nb3 Nf6 6. Nc3 e6 7. g3 Bb4 8.
Bg2 d5 9. cxd5 Nxd5 10. Bd2 Nxc3 11. bxc3 Be7 12. Be3 Qa6 13. O-O O-O 14. Qc2
Qc4 15. Rfd1 Bf6 16. Bd4 Nxd4 17. Nxd4 e5 18. Nb3 Bg4 19. Na5 Qxe2 20. Qxe2
Bxe2 21. Rd7 e4 22. Nxb7 Bb5 23. Rc7 Bd3 24. Rd1 Be5 25. Rc6 Rfc8 26. Rxc8+
Rxc8 27. h4 Rxc3 28. Bxe4 1-0

[Event "1er 0pen des Pays de Champagne - open A"]
[Site "Recy"]
[Date "2010.05.13"]
[Round "1.6"]
[White "Zeroual, Mohamed"]
[Black "Parisot, Anthony"]
[Result "1-0"]
[WhiteElo "1945"]
[BlackElo "1657"]
[PlyCount "50"]
[EventDate "2010.05.??"]
[EventType "swiss"]
[EventRounds "6"]
[EventCountry "FRA"]

1. Nf3 Nf6 2. c4 c6 3. Nc3 d5 4. e3 e6 5. Qc2 Nbd7 6. cxd5 exd5 7. Be2 Bd6 8.
a3 O-O 9. b4 a6 10. Bb2 Re8 11. h4 Ne5 12. Nd4 Qc7 13. h5 Bg4 14. f3 Bxh5 15.
Nf5 Bg6 16. O-O-O Bf8 17. g4 Nc4 18. Bxc4 dxc4 19. Ne2 b5 20. Nf4 a5 21. Rh2
axb4 22. axb4 Ra2 23. Rdh1 Rea8 24. g5 Nd5 25. Rxh7 Bxh7 1-0

[Event "1er 0pen des Pays de Champagne - open A"]
[Site "Recy"]
[Date "2010.05.13"]
[Round "1.7"]
[White "Digot, Jeremy"]
[Black "Rouffignac, Tanguy"]
[Result "0-1"]
[WhiteElo "1610"]
[BlackElo "1897"]
[PlyCount "84"]
[EventDate "2010.05.??"]
[EventType "swiss"]
[EventRounds "6"]
[EventCountry "FRA"]

1. d4 Nf6 2. c4 g6 3. Nc3 Bg7 4. e4 d6 5. Nf3 O-O 6. Be2 e5 7. O-O Nc6 8. d5
Ne7 9. Be3 Ne8 10. Ne1 f5 11. f3 f4 12. Bf2 g5 13. Rc1 Rf7 14. c5 Bf8 15. Nb5
a6 16. cxd6 cxd6 17. Na3 Nf6 18. Nc4 g4 19. Nb6 Rb8 20. Nxc8 Rxc8 21. Nd3 Rg7
22. Qb3 g3 23. Bb6 gxh2+ 24. Kh1 Qe8 25. Nxe5 dxe5 26. d6+ Ned5 27. Rxc8 Qxc8
28. Kxh2 Qe8 29. Rh1 Bxd6 30. Kg1 Qg6 31. Rh2 Kh8 32. exd5 Qb1+ 33. Kf2 e4 34.
Bd1 e3+ 35. Ke2 Be5 36. Qc2 Qxc2+ 37. Bxc2 Nxd5 38. Bc5 Rc7 39. Rh5 Rxc5 40.
Bxh7 Nf6 41. b4 Nxh5 42. bxc5 Ng3+ 0-1

[Event "1er 0pen des Pays de Champagne - open A"]
[Site "Recy"]
[Date "2010.05.13"]
[Round "1.10"]
[White "Louis, Andre"]
[Black "Rodier, Patrick"]
[Result "0-1"]
[WhiteElo "1838"]
[BlackElo "1430"]
[PlyCount "116"]
[EventDate "2010.05.??"]
[EventType "swiss"]
[EventRounds "6"]
[EventCountry "FRA"]

1. e4 d6 2. d4 Nf6 3. Nc3 g6 4. f4 Bg7 5. e5 dxe5 6. dxe5 Qxd1+ 7. Kxd1 Nfd7 8.
Nd5 Kd8 9. Nf3 Nb6 10. Nxb6 axb6 11. Bc4 e6 12. Be3 Bd7 13. Ke2 Ke7 14. h4 Na6
15. a3 Nc5 16. Bxc5+ bxc5 17. h5 b5 18. Ba2 Bc6 19. Ke3 f6 20. h6 Bf8 21. c4
Kf7 22. cxb5 Bxb5 23. Nd2 Be7 24. Bc4 Bc6 25. Rh2 Rab8 26. b3 Rhd8 27. Rf1 Bb5
28. Bxb5 Rxb5 29. a4 Rb7 30. g4 Rb4 31. g5 f5 32. Rb1 c4 33. Nxc4 Bc5+ 34. Ke2
Rd4 35. Ke1 Re4+ 36. Kd1 Rxf4 37. Na5 Rf3 38. Nc6 Rf1+ 39. Kc2 Rxb1 40. Nxb4
Rg1 41. Nc6 Rxg5 42. a5 f4 43. a6 f3 44. Rh3 Rg2+ 45. Kd3 f2 46. Rf3+ Ke8 47.
a7 Bxa7 48. Nxa7 Rg3 49. Rxg3 f1=Q+ 50. Ke3 Qc1+ 51. Ke2 Qa1 52. Kd2 Qxa7 53.
Rxg6 hxg6 54. h7 Qa2+ 55. Ke3 Qxb3+ 56. Kf4 Qb4+ 57. Kg5 Qf8 58. Kxg6 Qh8 0-1

[Event "1er 0pen des Pays de Champagne - open A"]
[Site "Recy"]
[Date "2010.05.13"]
[Round "1.9"]
[White "Michon, Guillaume"]
[Black "Barreaud, Samuel"]
[Result "0-1"]
[WhiteElo "1499"]
[BlackElo "1860"]
[PlyCount "82"]
[EventDate "2010.05.??"]
[EventType "swiss"]
[EventRounds "6"]
[EventCountry "FRA"]

1. e4 c5 2. Nf3 d6 3. d4 cxd4 4. Nxd4 Nf6 5. Nc3 g6 6. Bg5 Bg7 7. Bb5+ Bd7 8.
f4 h6 9. Bh4 O-O 10. Qd2 Nc6 11. O-O-O a6 12. Bc4 Nxe4 13. Nxc6 Nxd2 14. Nxd8
Nxc4 15. Nxb7 Bc6 16. Bxe7 Bxb7 17. Bxf8 Kxf8 18. Rhe1 Bxg2 19. Rd3 Rb8 20. b3
Na3 21. Ne4 Re8 22. Rde3 Bd4 23. Rd3 Nxc2 24. Kxc2 Bxe4 25. Rxe4 Rxe4 26. Rf3
f5 27. Kd3 Bc5 28. h4 h5 29. Rf1 Be3 30. Re1 Bxf4 31. Rxe4 fxe4+ 32. Kxe4 Bg3
33. Kd5 Kf7 34. a4 Bxh4 35. b4 Be1 36. b5 axb5 37. axb5 Ba5 38. Ke4 Ke6 39. Kf4
d5 40. Kg5 Bd8+ 41. Kxg6 h4 0-1

[Event "1er 0pen des Pays de Champagne - open A"]
[Site "Recy"]
[Date "2010.05.13"]
[Round "2.2"]
[White "Beranger, Nicolas"]
[Black "Barreaud, Samuel"]
[Result "1-0"]
[WhiteElo "2180"]
[BlackElo "1860"]
[PlyCount "78"]
[EventDate "2010.05.??"]
[EventType "swiss"]
[EventRounds "6"]
[EventCountry "FRA"]

1. e4 c5 2. Nf3 d6 3. d4 cxd4 4. Nxd4 Nf6 5. Nc3 g6 6. Be2 Bg7 7. Bg5 O-O 8.
Qd2 Nc6 9. Nxc6 bxc6 10. Bh6 Rb8 11. Bxg7 Kxg7 12. O-O-O Qb6 13. b3 Qxf2 14.
Rhg1 Qh4 15. Kb1 Bg4 16. Bxg4 Qxg4 17. Qe3 Qd7 18. e5 Ne8 19. Ne4 Qc7 20. e6 f6
21. g4 Rb5 22. Qh3 g5 23. Ng3 Kh8 24. Qh6 Ng7 25. h4 Nxe6 26. Nf5 Rg8 27. hxg5
Rg6 28. Qh2 Nxg5 29. Rh1 Rd5 30. Rdf1 e6 31. Qh5 Rg8 32. c4 Re5 33. Nh6 Rg6 34.
Rxf6 Nf7 35. Nxf7+ Qxf7 36. Rxf7 Rxh5 37. Rxh5 Rg7 38. Rf8+ Rg8 39. Rxg8+ Kxg8
1-0

[Event "1er 0pen des Pays de Champagne - open A"]
[Site "Recy"]
[Date "2010.05.13"]
[Round "2.3"]
[White "Barat, Jacques"]
[Black "Neuhauser, Salome"]
[Result "0-1"]
[WhiteElo "1810"]
[BlackElo "2023"]
[PlyCount "58"]
[EventDate "2010.05.??"]
[EventType "swiss"]
[EventRounds "6"]
[EventCountry "FRA"]

1. d4 Nf6 2. c4 e6 3. Nf3 Bb4+ 4. Bd2 Qe7 5. Nc3 O-O 6. Qc2 d6 7. e3 e5 8. dxe5
dxe5 9. Be2 Bg4 10. a3 Bd6 11. Rd1 c6 12. h3 Bh5 13. Nh4 Bxe2 14. Nxe2 Qe6 15.
Nf5 Bc7 16. Bb4 Rd8 17. O-O Na6 18. Be7 Re8 19. Bd6 Bb6 20. b4 c5 21. b5 Nc7
22. Neg3 Rad8 23. a4 g6 24. Bxc7 Bxc7 25. Nh4 e4 26. Qc3 b6 27. Qc2 Rxd1 28.
Rxd1 Bxg3 29. fxg3 g5 0-1

[Event "1er 0pen des Pays de Champagne - open A"]
[Site "Recy"]
[Date "2010.05.13"]
[Round "2.5"]
[White "Rouffignac, Tanguy"]
[Black "Gaubert, Virginie"]
[Result "1-0"]
[WhiteElo "1897"]
[BlackElo "1664"]
[PlyCount "63"]
[EventDate "2010.05.??"]
[EventType "swiss"]
[EventRounds "6"]
[EventCountry "FRA"]

1. e4 c5 2. Nf3 d6 3. d4 cxd4 4. Nxd4 Nf6 5. Nc3 g6 6. Be3 Bg7 7. f3 O-O 8. Qd2
Nc6 9. Bc4 Bd7 10. O-O-O Qa5 11. h4 Rfc8 12. Bb3 Ne5 13. g4 Nc4 14. Bxc4 Rxc4
15. Nb3 Qa6 16. Kb1 Rac8 17. Bh6 Bh8 18. e5 Rxc3 19. bxc3 Ne8 20. h5 Bxe5 21.
Nd4 Be6 22. Nb3 Bxc3 23. Qc1 Rc5 24. hxg6 fxg6 25. Qe3 Bxb3 26. cxb3 e5 27. Rh2
Qc6 28. Bg5 Bd4 29. Rxd4 exd4 30. Qe6+ Kh8 31. Qf7 Qd5 32. Rxh7# 1-0

[Event "1er 0pen des Pays de Champagne - open A"]
[Site "Recy"]
[Date "2010.05.13"]
[Round "2.8"]
[White "Digot, Jeremy"]
[Black "Guillart, Johan"]
[Result "0-1"]
[WhiteElo "1610"]
[BlackElo "1810"]
[PlyCount "58"]
[EventDate "2010.05.??"]
[EventType "swiss"]
[EventRounds "6"]
[EventCountry "FRA"]

1. d4 d5 2. c4 e5 3. dxe5 d4 4. Nf3 Nc6 5. Bf4 Bg4 6. Nbd2 f6 7. Qb3 b6 8. exf6
Nxf6 9. Qb5 Qd7 10. Ne5 Nxe5 11. Qxe5+ Be7 12. Qxc7 O-O 13. Qxd7 Nxd7 14. Bg3
h5 15. f3 Bf5 16. Bf2 Bf6 17. Nb3 d3 18. e4 Rfe8 19. O-O-O Be6 20. Bxd3 Rac8
21. Kb1 Ne5 22. Be2 Nxc4 23. Nd4 Bf7 24. Nf5 Nxb2 25. Rd2 Nc4 26. Bxc4 Rxc4 27.
Be1 Rec8 28. Rd1 Ra4 29. Ne7+ Bxe7 0-1

[Event "1er 0pen des Pays de Champagne - open A"]
[Site "Recy"]
[Date "2010.05.13"]
[Round "2.9"]
[White "Rouffignac, Marie"]
[Black "Magnier, Christophe"]
[Result "0-1"]
[WhiteElo "1575"]
[BlackElo "1780"]
[PlyCount "90"]
[EventDate "2010.05.??"]
[EventType "swiss"]
[EventRounds "6"]
[EventCountry "FRA"]

1. e4 d5 2. exd5 Nf6 3. Nf3 Nxd5 4. d4 e6 5. Bc4 Nc6 6. Nc3 Bb4 7. Bd2 O-O 8.
O-O Nxc3 9. bxc3 Bd6 10. Rb1 e5 11. Bd5 exd4 12. cxd4 Bxh2+ 13. Nxh2 Qxd5 14.
Bf4 Qxd4 15. Bxc7 Qc4 16. Qd3 Qxd3 17. cxd3 b6 18. Rfe1 Bf5 19. Rbc1 Nb4 20.
Bd6 Nxd3 21. Bxf8 Kxf8 22. g4 Nxc1 23. gxf5 Nxa2 24. Ra1 Nc3 25. Nf3 f6 26. Nd4
a5 27. Ne6+ Kf7 28. Kf1 Nd5 29. Rd1 Ne7 30. Rd7 a4 31. Nd4 Ke8 32. Rb7 a3 33.
Nb3 a2 34. Na1 Rc8 35. Nb3 Rc1+ 36. Ke2 a1=Q 37. Nxa1 Rxa1 38. Rb8+ Kf7 39.
Rxb6 Nxf5 40. Rb7+ Ke6 41. Rb6+ Ke5 42. Rb5+ Ke4 43. f3+ Kf4 44. Rb4+ Kg5 45.
Rg4+ Kh5 0-1

[Event "1er 0pen des Pays de Champagne - open A"]
[Site "Recy"]
[Date "2010.05.13"]
[Round "2.10"]
[White "Fourcart, Marc"]
[Black "Michon, Guillaume"]
[Result "1-0"]
[WhiteElo "1706"]
[BlackElo "1499"]
[PlyCount "49"]
[EventDate "2010.05.??"]
[EventType "swiss"]
[EventRounds "6"]
[EventCountry "FRA"]

1. e4 c5 2. Nf3 d6 3. d4 cxd4 4. Nxd4 Nf6 5. Nc3 g6 6. f4 Bg7 7. e5 dxe5 8.
fxe5 Nd5 9. Bb5+ Nd7 10. Nxd5 Bxe5 11. O-O O-O 12. Nc3 Nb6 13. Be3 Be6 14. Nxe6
fxe6 15. Rxf8+ Qxf8 16. Qe2 Nd5 17. Nxd5 exd5 18. Rf1 Qg7 19. c3 e6 20. Bc5 Qc7
21. Bd4 Bxh2+ 22. Kh1 Rf8 23. Qxe6+ Rf7 24. Qe8+ Rf8 25. Qxf8# 1-0

[Event "1er 0pen des Pays de Champagne - open A"]
[Site "Recy"]
[Date "2010.05.14"]
[Round "3.4"]
[White "Defrance, Laurent"]
[Black "Magnier, Christophe"]
[Result "1/2-1/2"]
[WhiteElo "2199"]
[BlackElo "1780"]
[PlyCount "53"]
[EventDate "2010.05.??"]
[EventType "swiss"]
[EventRounds "6"]
[EventCountry "FRA"]

1. d4 d5 2. Nf3 Nf6 3. c4 c6 4. Qc2 g6 5. e3 Bf5 6. Bd3 Bxd3 7. Qxd3 Bg7 8.
Nbd2 Nbd7 9. O-O Qc7 10. b3 O-O 11. Bb2 Rad8 12. Rac1 Rfe8 13. cxd5 Nxd5 14.
Nc4 N5b6 15. Qc2 Nxc4 16. Qxc4 Nf6 17. b4 Qb6 18. Rb1 Ne4 19. Rfd1 Rd5 20. a4
Red8 21. Qc2 Ng5 22. Nxg5 Rxg5 23. Bc3 Rgd5 24. Qb3 e6 25. Qc2 a6 26. Qe2 Qc7
27. h3 1/2-1/2

[Event "1er 0pen des Pays de Champagne - open A"]
[Site "Recy"]
[Date "2010.05.14"]
[Round "3.5"]
[White "Rigolot, Lucie"]
[Black "Fourcart, Marc"]
[Result "1-0"]
[WhiteElo "1873"]
[BlackElo "1706"]
[PlyCount "57"]
[EventDate "2010.05.??"]
[EventType "swiss"]
[EventRounds "6"]
[EventCountry "FRA"]

1. e4 c5 2. Nf3 d6 3. d4 cxd4 4. Nxd4 Nf6 5. Nc3 g6 6. Be3 Bg7 7. f3 O-O 8. Qd2
Nc6 9. g4 Bd7 10. O-O-O Qa5 11. h4 Ne5 12. Bh6 Rfc8 13. Bxg7 Kxg7 14. h5 Nexg4
15. fxg4 Bxg4 16. hxg6 fxg6 17. Re1 Bh5 18. Bh3 Bg4 19. Bxg4 Nxg4 20. Reg1 h5
21. Rxg4 hxg4 22. Qh6+ Kf7 23. Rf1+ Ke8 24. Qxg6+ Kd7 25. Qe6+ Kc7 26. Qxe7+
Kb8 27. Ndb5 Qb6 28. Nd5 Rxc2+ 29. Kxc2 1-0

[Event "1er 0pen des Pays de Champagne - open A"]
[Site "Recy"]
[Date "2010.05.13"]
[Round "2.1"]
[White "Mancini, Mario"]
[Black "Rigolot, Lucie"]
[Result "1-0"]
[WhiteElo "2242"]
[BlackElo "1873"]
[PlyCount "105"]
[EventDate "2010.05.??"]
[EventType "swiss"]
[EventRounds "6"]
[EventCountry "FRA"]

1. d4 d5 2. Nf3 e6 3. Bf4 c5 4. e3 Qb6 5. Nbd2 Nc6 6. Rb1 cxd4 7. exd4 Nxd4 8.
Nxd4 Qxd4 9. Bb5+ Bd7 10. Bxd7+ Kxd7 11. Be3 Qa4 12. O-O Nf6 13. b3 Qc6 14. c4
Bd6 15. cxd5 Qxd5 16. Nc4 Qxd1 17. Rfxd1 Nd5 18. Rd3 b5 19. Nxd6 Kxd6 20. g3
Rhc8 21. a4 a6 22. Rbd1 Ke7 23. Bd4 g6 24. a5 Rc2 25. Kg2 Rac8 26. h4 Nb4 27.
Rf3 f5 28. Re1 Nc6 29. Bb6 e5 30. Rd3 e4 31. Rd5 Rc3 32. Red1 Rxb3 33. Rd7+ Ke8
34. Rxh7 Rd3 35. Rc1 b4 36. Rh8+ Kd7 37. Rxc8 Kxc8 38. Rxc6+ Kd7 39. Rxg6 b3
40. Be3 Rd5 41. Rb6 Rxa5 42. Rxb3 Rd5 43. h5 f4 44. Bxf4 Rxh5 45. Ra3 a5 46.
Bd2 Ke6 47. Rxa5 Rxa5 48. Bxa5 Kf5 49. Kf1 Kg4 50. Ke2 Kf5 51. Ke3 Ke5 52. Bc3+
Kf5 53. Bd4 1-0

[Event "1er 0pen des Pays de Champagne - open A"]
[Site "Recy"]
[Date "2010.05.13"]
[Round "2.4"]
[White "Rodier, Patrick"]
[Black "Zeroual, Mohamed"]
[Result "0-1"]
[WhiteElo "1430"]
[BlackElo "1945"]
[PlyCount "74"]
[EventDate "2010.05.??"]
[EventType "swiss"]
[EventRounds "6"]
[EventCountry "FRA"]

1. e4 c5 2. c3 d5 3. exd5 Qxd5 4. d4 Nc6 5. Nf3 Bg4 6. Be2 O-O-O 7. Be3 e6 8.
c4 Qd7 9. O-O cxd4 10. Nxd4 Bxe2 11. Qxe2 Nxd4 12. Qd1 Nf6 13. Nc3 h5 14. Nb5
Nxb5 15. Qxd7+ Rxd7 16. cxb5 Nd5 17. Rac1+ Kb8 18. Rfd1 Bd6 19. Bd4 f6 20. a4
Rhd8 21. g3 h4 22. Kg2 hxg3 23. hxg3 Bb4 24. Ra1 Nf4+ 25. gxf4 Rxd4 26. Rxd4
Rxd4 27. Rh1 Kc7 28. Rh7 Rd7 29. Rh4 Bd2 30. Kf3 g5 31. Rh6 Rf7 32. Rh8 Bxf4
33. Ra8 Kb6 34. b4 Bd6 35. Re8 Re7 36. Rf8 f5 37. Rd8 Bxb4 0-1